Structural Balancing a clinical approach (Record no. 54929)
[ view plain ]
| 000 -LEADER | |
|---|---|
| fixed length control field | 00312nam a22001337a 4500 |
| 008 - FIXED-LENGTH DATA ELEMENTS--GENERAL INFORMATION | |
| fixed length control field | 190925b ||||| |||| 00| 0 eng d |
| 041 ## - LANGUAGE CODE | |
| Language code of text/sound track or separate title | eng |
| 080 ## - UNIVERSAL DECIMAL CLASSIFICATION NUMBER | |
| Edition identifier | 615.82 |
| Universal Decimal Classification number | 615.82 |
| 082 ## - DEWEY DECIMAL CLASSIFICATION NUMBER | |
| Classification number | 615.82 |
| 100 ## - Rafti | |
| Rafti | 8 |
| 101 ## - Shkurtesa | |
| Shkurtesa | EGZ |
| 245 ## - TITLE STATEMENT | |
| Title | Structural Balancing a clinical approach |
| Statement of responsibility, etc | Wright,K |
| 942 ## - ADDED ENTRY ELEMENTS (KOHA) | |
| Source of classification or shelving scheme | |
| Item type | Books |
| Withdrawn status | Lost status | Source of classification or shelving scheme | Damaged status | Not for loan | Collection code | Permanent location | Current location | Shelving location | Date acquired | Total Checkouts | Full call number | Barcode | Date last seen | Price effective from | Koha item type |
|---|---|---|---|---|---|---|---|---|---|---|---|---|---|---|---|
| Koleksioni i përgjithshem | UBT - Gjilan | UBT - Gjilan | Koleksioni i përgjithshem | 09/25/2019 | 615.82 WRI | 002-3020235 | 09/25/2019 | 09/25/2019 | Books | ||||||
| Koleksioni i përgjithshem | UBT - Gjilan | UBT - Gjilan | Koleksioni i përgjithshem | 09/25/2019 | 615.82 WRI | 002-3020230 | 09/25/2019 | 09/25/2019 | Books | ||||||
| Koleksioni i përgjithshem | UBT - Gjilan | UBT - Gjilan | Koleksioni i përgjithshem | 09/25/2019 | 615.82 WRI | 002-3020225 | 09/25/2019 | 09/25/2019 | Books | ||||||
| Koleksioni i përgjithshem | UBT - Gjilan | UBT - Gjilan | Koleksioni i përgjithshem | 09/25/2019 | 615.82 WRI | 002-3020220 | 09/25/2019 | 09/25/2019 | Books | ||||||
| Koleksioni i përgjithshem | UBT - Gjilan | UBT - Gjilan | Koleksioni i përgjithshem | 09/25/2019 | 615.82 WRI | 002-3020215 | 09/25/2019 | 09/25/2019 | Books |